| 000 | 01300pam a2200313 a 4500 | ||
|---|---|---|---|
| 001 | 2406638 | ||
| 005 | 19870513000000.0 | ||
| 008 | 861029s1987 uk a b 001 0 eng | ||
| 010 | _a 86027231 | ||
| 020 | _a0273732196 | ||
| 020 | _a9780273732198 | ||
| 040 |
_aDLC _cDLC _dDLC |
||
| 050 | 0 | 0 |
_aTA439 _b.N46 1987 |
| 082 | 0 | 0 |
_a620.136 _222 _bNEV |
| 100 | 1 |
_aNeville, Adam M. _99247 |
|
| 245 | 1 | 0 |
_aConcrete Technology / _cA.M. Neville, J.J. Brooks. |
| 250 | _a2nd ed. | ||
| 260 |
_aHarlow, Essex, UK : _bJ. Wiley, 2010 _c2010 |
||
| 300 |
_a442 p. : _bill. ; _c24 cm. |
||
| 504 | _aIncludes bibliographies and index. | ||
| 650 | 0 |
_aConcrete. _99248 |
|
| 650 | 0 |
_aCement. _99249 |
|
| 700 | 1 |
_aBrooks, J. J. _99250 |
|
| 942 |
_2ddc _cBB |
||
| 999 |
_c14786 _d14786 |
||